Statistics for Cambodia in Images

Click here to take the quiz!

General Stats

  • This quiz has been taken 20 times
  • The average score is 10 of 16

Answer Stats

Answer% Correct
Mekong
94%
Theravada Buddhism
94%
Angkor Wat
89%
Khmer
89%
Phnom Penh
89%
Cambodian Riel
78%
Tonle Sap
72%
Kouprey (Forest Ox)
67%
Kampot Pepper
50%
Amok Trey
44%
Bayon Temple
44%
Giant Ibis
39%
Norodom Sihamoni
39%
Krama
28%
Rumduol
28%
Gajasimha
11%

Score Distribution

Percentile by Number Answered

Percent of People with Each Score

Your Score History

You have not taken this quiz